01573nam a22003738a 450000100060000000300080000600500170001400800410003102000150007203500170008703500360010404000270014004100080016708200190017510000290019424500760022326000520029930000320035149000450038349000530042849000860048150400530056765000230062065000340064370000280067783000420070583000540074783000620080194200120086394900220087599900170089795201420091495201430105617334BD-RjUL20211209000125.0161221s1993 vaua b 001 0 eng d a8171005349 aMITb10922877 a(OCoLC)42683094a(BD-RjUL)17392 aDLCcDLCdBD-RjULbeng aeng00a658bKAP 1993 aKaur, Kiran Preet95342110aProfessional management in industrial organizations /cKiran Preet Kaur aNew delhi :bDeep and Deep Publication,cc1993. aix,149 p. :bill. ;c24 cm.1 aJossey-Bass business & management series1 aJossey-Bass social and behavioral science series1 aSociety for Industrial and Organizational Psychology professional practice series aIncludes bibliographical references and indexes. 0amanagement.953422 0aOrganizational change.9534231 aKehoe, Jerard F.953424 0aProfessional practice series.9175908 0aJossey-Bass business & management series.9175909 0aJossey-Bass social and behavioral science series.9170834 2ddccBK adp39080015580639 c17334d17334 00102ddc40708NFICaRUCLbRUCLcStackd1997-07-01eWorld Agenciesg181.00l0o658 KAP 1993r2014-02-16 00:00:00tC-2w2021-12-09yBK 00102ddc40718NFICaRUCLbRUCLcReadingd1997-07-01eWorld Agenciesg181.00l0o658 KAP 1993r2016-12-21 00:00:00tC-1w2016-12-21yBK